书目信息 |
| 题名: |
通风空调工程施工与验收手册
|
|
| 作者: | 黄崇国 主编 | |
| 分册: | ||
| 出版信息: | 北京 中国建筑工业出版社 2006.06 |
|
| 页数: | 1126页 | |
| 开本: | 27cm | |
| 丛书名: | 建筑工程施工与验收系列手册 | |
| 单 册: | ||
| 中图分类: | TU83 | |
| 科图分类: | ||
| 主题词: | 通风设备--tong feng she bei--建筑安装工程--工程施工--中国--技术手册 | |
| 电子资源: | ||
| ISBN: | 7-112-07417-7 | |
| 000 | 01100nam 2200253 450 | |
| 001 | 012006661170 | |
| 005 | 20060926161828.12 | |
| 010 | @a7-112-07417-7@b精装@dCNY120.00 | |
| 100 | @a20060822d2006 km y0chiy0120 ea | |
| 101 | 0 | @achi |
| 102 | @aCN@b110000 | |
| 105 | @aa a 000yy | |
| 200 | 1 | @a通风空调工程施工与验收手册@Atong feng kong diao gong cheng shi gong yu yan shou shou ce@f黄崇国主编@Fhuang chong guo zhu bian |
| 210 | @a北京@c中国建筑工业出版社@d2006.06 | |
| 215 | @a1126页@c图@d27cm | |
| 225 | 2 | @a建筑工程施工与验收系列手册@Ajian zhu gong cheng shi gong yu yan shou xi lie shou ce |
| 320 | @a有书目 (第1125-1126页)。 | |
| 330 | @a本手册结合目前安装行业通风空调工程中先进的施工技术与施工经验,对通风空调工程施工中各个工作环节,包括施工准备、施工组织、施工工艺、施工方法、施工管理及施工质量验收等方面做了细致、全面的介绍。 | |
| 410 | 0 | @12001 @a建筑工程施工与验收系列手册 |
| 606 | 0 | @a通风设备@Atong feng she bei@x建筑安装工程@x工程施工@y中国@j技术手册 |
| 690 | @aTU83@v4 | |
| 701 | 0 | @a黄崇国@Ahuang chong guo@4主编 |
| 801 | 0 | @aCN@c20060926 |
| 905 | @a10447@dTU83@eH811 | |
| 通风空调工程施工与验收手册/黄崇国主编.-北京:中国建筑工业出版社,2006.06 |
| 1126页:图;27cm.-(建筑工程施工与验收系列手册) |
| ISBN 7-112-07417-7(精装):CNY120.00 |
| 本手册结合目前安装行业通风空调工程中先进的施工技术与施工经验,对通风空调工程施工中各个工作环节,包括施工准备、施工组织、施工工艺、施工方法、施工管理及施工质量验收等方面做了细致、全面的介绍。 |
| ● |
| 相关链接 |
|
|
|
正题名:通风空调工程施工与验收手册
索取号:TU83/H811
 
预约/预借
| 序号 | 登录号 | 条形码 | 馆藏地/架位号 | 状态 | 备注 |
| 1 | 220327 | 202203276 | 建筑库201/201建筑库 51排1列2层/ [索取号:TU83/H811] | 在馆 | |
| 2 | 220328 | 202203285 | 能源与建筑环境工程学院资料室/404自科库 16排3列4层/ [索取号:TU83/H811] | 在馆 |